[Event "US Open-115"]
[Site "Orlando"]
[Date "2014.07.28"]
[Round "3"]
[White "Serna, Jeffrey M"]
[Black "Ritter, Mark"]
[Result "1/2-1/2"]
[WhiteElo "1962"]
[BlackElo "2392"]
[PlyCount "103"]
[EventDate "2014.07.26"]
[EventType "swiss"]
[EventRounds "9"]
[EventCountry "USA"]
[SourceTitle "CBM 161 Extra"]
[Source "ChessBase"]
[SourceDate "2014.08.29"]
[SourceVersion "1"]
[SourceVersionDate "2014.08.29"]
[SourceQuality "1"]

1. e4 e5 2. Nf3 Nc6 3. d4 exd4 4. Bc4 Bc5 5. c3 Nf6 6. cxd4 Bb4+ 7. Nbd2 d5 8. exd5 Nxd5 9. 0-0 0-0 10. h3 Bf5 11. a3 Be7 12. Nb3 Bf6 13. Re1 b6 14. Ne5 Qd6 15. Qf3 Be6 16. Qg3 Rad8 17. Bd2 Nce7 18. Bc3 a5 19. a4 Rfe8 20. Nd2 Bxe5 21. Rxe5 Ng6 22. Bxd5 Bxd5 23. Rxe8+ Rxe8 24. Qxd6 cxd6 25. Nf1 Nf4 26. Ne3 Rc8 27. Kf1 Be4 28. f3 Bg6 29. Ke1 f6 30. Kd2 Kf8 31. b4 axb4 32. Bxb4 Ke7 33. g3 Nd3 34. Nd5+ Ke6 35. Nxb6 Rb8 36. Ba5 d5 37. Ra3 Nb2 38. Kc3 Nd1+ 39. Kb4 Nf2 40. Kc5 Nd3+ 41. Kc6 Rd8 42. Ra2 Nc1 43. Ra1 Nd3 44. Bc3 Rd6+ 45. Kc7 Be8 46. Bd2 Rc6+ 47. Kb7 Rc2 48. Ba5 Nc1 49. Ra3 Ne2 50. Ka6 Nxd4 51. Re3+ Kf7 52. Nxd5 1/2-1/2

[Event "Nassau CC-ch"]
[Site "Nassau"]
[Date "2000.12.18"]
[Round "10"]
[White "Ritter, Mark"]
[Black "Mirabile, Tim"]
[Result "1-0"]
[WhiteElo "2448"]
[BlackElo "2158"]
[PlyCount "79"]
[EventDate "2000.10.??"]
[EventType "swiss"]
[EventRounds "10"]
[EventCountry "USA"]
[SourceTitle "EXT 2003"]
[Source "ChessBase"]
[SourceDate "2002.11.25"]
[SourceVersion "1"]
[SourceVersionDate "2002.11.25"]
[SourceQuality "1"]

1. d4 Nf6 2. Nf3 d5 3. Bg5 e6 4. Nbd2 Be7 5. e3 Nbd7 6. c4 0-0 7. Rc1 c6 8. Bd3 h6 9. Bh4 Ne8 10. Bxe7 Qxe7 11. 0-0 Nef6 12. Bb1 e5 13. cxd5 Nxd5 14. Qc2 N5f6 15. Nc4 exd4 16. Nxd4 Nb6 17. Nf5 Bxf5 18. Qxf5 Rfe8 19. Rfd1 Rad8 20. Nxb6 axb6 21. a3 Rxd1+ 22. Rxd1 Rd8 23. Rxd8+ Qxd8 24. Qd3 Qxd3 25. Bxd3 Ne8 26. f4 f6 27. Kf2 Nd6 28. e4 Kf8 29. Ke3 Ke7 30. e5 fxe5 31. fxe5 Nf7 32. Kf4 Nd8 33. Bf5 Ne6+ 34. Bxe6 Kxe6 35. a4 g6 36. h4 Kf7 37. h5 gxh5 38. Kf5 h4 39. e6+ Ke7 40. Ke5 1-0

[Event "Nassau CC-ch"]
[Site "Nassau"]
[Date "2000.11.27"]
[Round "7"]
[White "Ritter, Mark"]
[Black "Goregliad, Sergei"]
[Result "1-0"]
[WhiteElo "2448"]
[BlackElo "2367"]
[PlyCount "115"]
[EventDate "2000.10.??"]
[EventType "swiss"]
[EventRounds "10"]
[EventCountry "USA"]
[SourceTitle "EXT 2003"]
[Source "ChessBase"]
[SourceDate "2002.11.25"]
[SourceVersion "1"]
[SourceVersionDate "2002.11.25"]
[SourceQuality "1"]

1. d4 Nf6 2. Nf3 g6 3. Bf4 Bg7 4. Nbd2 0-0 5. c3 d6 6. e4 Nc6 7. d5 Nh5 8. Be3 Ne5 9. Be2 Ng4 10. Bd4 Nf4 11. 0-0 Ne5 12. Re1 Nxe2+ 13. Qxe2 Bg4 14. Qe3 Bxf3 15. Bxe5 Bxe5 16. Nxf3 Bg7 17. Rad1 Qd7 18. e5 dxe5 19. Nxe5 Qa4 20. a3 Rad8 21. Rd4 Qb5 22. Qd2 c5 23. c4 Qa6 24. Rd3 Bxe5 25. Rxe5 Qxc4 26. Rxe7 Rd6 27. Rxb7 Rfd8 28. Qc3 Qxc3 29. Rxc3 Rxd5 30. g3 a6 31. Rb6 Rd1+ 32. Kg2 R8d2 33. Rxc5 Rb1 34. b4 Rb3 35. Rxa6 Kg7 36. Rc4 g5 37. Rc5 h6 38. Rf5 Rdd3 39. Raf6 Rxa3 40. Rxf7+ Kg6 41. R5f6+ Kh5 42. Rh7 g4 43. Rhxh6+ Kg5 44. Rhg6+ Kh5 45. Rh6+ Kg5 46. Rfg6+ Kf5 47. h3 gxh3+ 48. Kxh3 Ra1 49. Rd6 Rb3 50. Rhf6+ Ke5 51. Rde6+ Kd5 52. Ra6 Rh1+ 53. Kg2 Rbb1 54. Ra5+ Ke4 55. Rf4+ Kd3 56. Ra3+ Ke2 57. Re3+ Kd2 58. Kf3 1-0

[Event "New York op"]
[Site "New York"]
[Date "2000.05.05"]
[Round "2"]
[White "Benjamin, Joel"]
[Black "Ritter, Mark"]
[Result "1/2-1/2"]
[WhiteElo "2591"]
[BlackElo "2415"]
[PlyCount "107"]
[EventDate "2000.05.05"]
[EventType "swiss"]
[EventRounds "9"]
[EventCountry "USA"]
[SourceTitle "CBM 076 Extra"]
[Source "ChessBase"]
[SourceDate "2000.07.11"]
[SourceVersion "1"]
[SourceVersionDate "2000.07.11"]
[SourceQuality "1"]

1. e4 e5 2. Nf3 Nc6 3. Bc4 d6 4. d4 Bg4 5. c3 Qe7 6. d5 Nd8 7. h3 Bd7 8. Bd3 g6 9. c4 Bg7 10. Nc3 Nh6 11. g4 f6 12. Be3 0-0 13. Qd2 Ndf7 14. 0-0-0 Kh8 15. Rdg1 a6 16. Kb1 c5 17. dxc6 bxc6 18. c5 Be6 19. cxd6 Qxd6 20. Na4 Rfd8 21. Rd1 f5 22. gxf5 gxf5 23. Qc2 fxe4 24. Bxe4 Bd5 25. Nd2 Qf6 26. f3 Nd6 27. Rhg1 Qf7 28. Nc3 Nhf5 29. Bc5 Nd4 30. Bxd4 exd4 31. Nxd5 Nxe4 32. Nxe4 Rxd5 33. Qxc6 Rb8 34. Rd3 Rdb5 35. Rg2 R5b6 36. Qc1 Qd7 37. h4 Rc8 38. Rc2 Rxc2 39. Qxc2 Rc6 40. Qb3 h6 41. a3 Qh3 42. Ka2 Qxh4 43. Qd5 Rc8 44. Qb7 Rf8 45. Qxa6 Qh5 46. Nd2 Re8 47. Rb3 Qf7 48. Nc4 Re1 49. Nd6 Ra1+ 50. Kxa1 Qxb3 51. Qa8+ Kh7 52. Qe4+ Kg8 53. Qe8+ Kh7 54. Qe4+ 1/2-1/2

[Event "USA-chT Amateur East"]
[Site "Parsippany"]
[Date "2000.03.19"]
[Round "2"]
[White "Adu, Oladapo"]
[Black "Ritter, Mark"]
[Result "0-1"]
[WhiteElo "2253"]
[BlackElo "2415"]
[PlyCount "98"]
[EventDate "2000.03.19"]
[EventType "team"]
[EventRounds "6"]
[EventCountry "USA"]
[SourceTitle "EXT 2001"]
[Source "ChessBase"]
[SourceDate "2000.11.22"]
[SourceVersion "1"]
[SourceVersionDate "2000.11.22"]
[SourceQuality "1"]

1. b4 e5 2. Bb2 d6 3. e3 Nf6 4. c4 Be7 5. Nc3 0-0 6. a3 Re8 7. Nf3 a5 8. Be2 Nbd7 9. 0-0 c6 10. d4 Qc7 11. Qb3 Nf8 12. Rfd1 Ng6 13. dxe5 Nxe5 14. Nxe5 dxe5 15. c5 Be6 16. Bc4 Bxc4 17. Qxc4 axb4 18. axb4 b6 19. Rxa8 Rxa8 20. cxb6 Qxb6 21. Ne4 Nxe4 22. Qxe4 f6 23. Qc4+ Kf8 24. Bc3 Rd8 25. Rxd8+ Qxd8 26. g3 Qd1+ 27. Qf1 Qxf1+ 28. Kxf1 e4 29. Ke2 Kf7 30. Kd2 Ke6 31. Kc2 Kd5 32. Kb3 h5 33. h3 g6 34. Bd2 f5 35. h4 Bd8 36. Bc3 f4 37. exf4 Bb6 38. Be1 Bd4 39. Ka4 Kc4 40. Ka5 Kd3 41. b5 cxb5 42. Kxb5 Ke2 43. Kc4 Bxf2 44. Bc3 Bxg3 45. Kd5 Kf3 46. Ke6 Bxh4 47. Kf7 Kxf4 48. Kxg6 Kg4 49. Bd2 Bf2 0-1

[Event "Oz.com qual blitz"]
[Site "ICC INT"]
[Date "2000.03.05"]
[Round "9"]
[White "Montero Martinez, Cristian"]
[Black "Ritter, Mark"]
[Result "1-0"]
[WhiteElo "2240"]
[BlackElo "2415"]
[PlyCount "87"]
[EventDate "2000.03.05"]
[EventType "swiss (blitz)"]
[EventRounds "9"]
[EventCountry "USA"]
[SourceTitle "EXT 2001"]
[Source "ChessBase"]
[SourceDate "2000.11.22"]
[SourceVersion "1"]
[SourceVersionDate "2000.11.22"]
[SourceQuality "1"]

1. d4 Nf6 2. c4 d6 3. Nc3 Nbd7 4. Nf3 e5 5. e4 c6 6. Be2 Be7 7. 0-0 Qc7 8. h3 0-0 9. Be3 Re8 10. Qd2 a5 11. Rfe1 Nf8 12. Bf1 N6d7 13. Rad1 Ne6 14. d5 Nec5 15. Nh2 g6 16. g3 Bf8 17. h4 Nf6 18. Bg5 Ng4 19. Nxg4 Bxg4 20. Be2 Bxe2 21. Qxe2 Nd7 22. Kg2 f6 23. Bc1 Be7 24. h5 Nf8 25. hxg6 hxg6 26. Rh1 Bd8 27. Rh3 Re7 28. Rdh1 Rh7 29. Bh6 Qf7 30. Qg4 Nd7 31. Be3 Rxh3 32. Qxh3 Kf8 33. Qh8+ Qg8 34. Qh3 Ke8 35. Qg4 Nf8 36. Rh6 Be7 37. Qh3 g5 38. Bb6 Qg7 39. Nd1 cxd5 40. cxd5 Ng6 41. Qh5 Kf7 42. Rh7 Rh8 43. Rxg7+ Kxg7 44. Qg4 1-0

[Event "Oz.com qual blitz"]
[Site "ICC INT"]
[Date "2000.03.05"]
[Round "4"]
[White "Ritter, Mark"]
[Black "Fernandes, Carlos"]
[Result "1-0"]
[WhiteElo "2415"]
[BlackElo "2027"]
[PlyCount "87"]
[EventDate "2000.03.05"]
[EventType "swiss (blitz)"]
[EventRounds "9"]
[EventCountry "USA"]
[SourceTitle "EXT 2001"]
[Source "ChessBase"]
[SourceDate "2000.11.22"]
[SourceVersion "1"]
[SourceVersionDate "2000.11.22"]
[SourceQuality "1"]

1. d4 Nf6 2. Nf3 e6 3. Nbd2 d5 4. e3 b6 5. Bd3 Bb7 6. 0-0 Be7 7. b3 0-0 8. Bb2 Nbd7 9. c4 c5 10. Rc1 Rc8 11. Qe2 Qc7 12. cxd5 exd5 13. Bf5 Rcd8 14. Rfd1 Qb8 15. dxc5 bxc5 16. e4 d4 17. e5 Nd5 18. g3 Kh8 19. Nc4 Rfe8 20. h4 Nf8 21. Be4 Ne6 22. a3 Nb6 23. Na5 Bxe4 24. Qxe4 Rd7 25. Nd2 Nd5 26. Nc6 Qb7 27. Nxe7 Rdxe7 28. Re1 Rb8 29. f4 Ne3 30. Qxb7 Rexb7 31. f5 Nxf5 32. Kf2 Ne3 33. Ba1 a5 34. a4 Rb4 35. Bb2 c4 36. Ba3 Rxb3 37. Nxb3 cxb3 38. Bd6 Rd8 39. Rb1 Nc2 40. Red1 f6 41. Rxb3 fxe5 42. Bxe5 Nc5 43. Rb5 Ne3 44. Rxd4 1-0

[Event "Oz.com qual blitz"]
[Site "ICC INT"]
[Date "2000.03.05"]
[Round "6"]
[White "Ritter, Mark"]
[Black "Pacheco, Daniel"]
[Result "1-0"]
[WhiteElo "2415"]
[BlackElo "2262"]
[PlyCount "83"]
[EventDate "2000.03.05"]
[EventType "swiss (blitz)"]
[EventRounds "9"]
[EventCountry "USA"]
[SourceTitle "EXT 2001"]
[Source "ChessBase"]
[SourceDate "2000.11.22"]
[SourceVersion "1"]
[SourceVersionDate "2000.11.22"]
[SourceQuality "1"]

1. d4 Nf6 2. Nf3 c5 3. d5 d6 4. Nc3 e5 5. e4 Be7 6. Be2 Nbd7 7. a4 Nf8 8. Nd2 Ng6 9. g3 h5 10. Nc4 h4 11. Be3 hxg3 12. fxg3 Bh3 13. Bf3 Qd7 14. Qe2 Ng4 15. Bd2 b6 16. Bg2 Rb8 17. Bxh3 Rxh3 18. Qg2 Nf6 19. Ne3 a6 20. Nf5 Rh7 21. 0-0 Bf8 22. Bg5 Ng8 23. Rf2 f6 24. Bd2 N8e7 25. Ne3 Nh8 26. h4 Nf7 27. Qf3 Ng8 28. Raf1 Be7 29. b3 g5 30. h5 g4 31. Qxg4 Qxg4 32. Nxg4 Rxh5 33. Kg2 Ng5 34. Rf5 Rh7 35. Nxf6+ Nxf6 36. Bxg5 Ng4 37. Nd1 Kd7 38. Rf7 Rh2+ 39. Kf3 Rh5 40. Rxe7+ Kc8 41. Kxg4 Rh8 42. Rff7 1-0

[Event "Nassau CC-ch"]
[Site "Nassau"]
[Date "1999.10.25"]
[Round "2"]
[White "Jarva, Eugene Edward"]
[Black "Ritter, Mark"]
[Result "0-1"]
[WhiteElo "1737"]
[BlackElo "2437"]
[PlyCount "70"]
[EventDate "1999.10.18"]
[EventType "swiss"]
[EventRounds "10"]
[EventCountry "USA"]
[SourceTitle "EXT 2003"]
[Source "ChessBase"]
[SourceDate "2002.11.25"]
[SourceVersion "1"]
[SourceVersionDate "2002.11.25"]
[SourceQuality "1"]

1. Nf3 Nf6 2. g3 d6 3. Bg2 e5 4. d3 c6 5. 0-0 Be7 6. Nbd2 0-0 7. e4 Nbd7 8. a4 Ne8 9. d4 g6 10. Nc4 Qc7 11. Bh6 Ng7 12. Qe2 Re8 13. dxe5 dxe5 14. c3 a5 15. h4 f6 16. Rad1 Nc5 17. Ne3 Be6 18. Nh2 Rad8 19. f4 Nh5 20. f5 Nxg3 21. Qg4 Nxf1 22. Rxf1 Bc8 23. Qg3 Kf7 24. fxg6+ hxg6 25. Nhg4 Nd3 26. Bg5 Bxg4 27. Nxg4 Nf4 28. Nh6+ Kg7 29. Nf5+ gxf5 30. Bxf4+ Kf7 31. exf5 Rg8 32. Qf3 exf4 33. Qh5+ Kf8 34. Kh1 Bc5 35. Bf3 Qg7 0-1

[Event "Nassau CC-ch"]
[Site "Nassau"]
[Date "1999.10.18"]
[Round "1"]
[White "Ritter, Mark"]
[Black "Luchan, Jason"]
[Result "1/2-1/2"]
[WhiteElo "2437"]
[BlackElo "2068"]
[PlyCount "119"]
[EventDate "1999.10.18"]
[EventType "swiss"]
[EventRounds "10"]
[EventCountry "USA"]
[SourceTitle "EXT 2003"]
[Source "ChessBase"]
[SourceDate "2002.11.25"]
[SourceVersion "1"]
[SourceVersionDate "2002.11.25"]
[SourceQuality "1"]

1. d4 Nf6 2. Nf3 g6 3. Bf4 Bg7 4. h3 0-0 5. Nbd2 d6 6. e4 b6 7. Bd3 c5 8. c3 Ba6 9. Bxa6 Nxa6 10. Qe2 Nc7 11. 0-0 Nd7 12. e5 d5 13. dxc5 bxc5 14. Rfd1 Qc8 15. c4 Ne6 16. Bg3 d4 17. Ne1 Qc7 18. Nd3 a5 19. Rf1 Bh6 20. Ne4 Qc6 21. f4 f5 22. exf6 Nxf6 23. Nxf6+ exf6 24. f5 Ng7 25. fxg6 hxg6 26. Qg4 Kh7 27. Rae1 Rae8 28. Rxe8 Rxe8 29. Qf3 Re6 30. b3 Nf5 31. Qxc6 Rxc6 32. Bf4 Ne3 33. Rf3 Bxf4 34. Rxf4 Kg7 35. Re4 Kf7 36. Rh4 Kg7 37. Re4 Kf7 38. Rf4 Kg7 39. g4 Rc7 40. Kf2 Kf7 41. Kg3 Kg7 42. Re4 Kf7 43. h4 Rc8 44. g5 Nf5+ 45. Kg2 Rh8 46. gxf6 Nxh4+ 47. Kf2 Nf5 48. Rg4 Kxf6 49. Nxc5 Rh2+ 50. Rg2 Rh1 51. Ke2 Ra1 52. Kd3 Re1 53. Ne4+ Ke5 54. Nd2 Re3+ 55. Kc2 Kf6 56. a3 a4 57. Kb2 axb3 58. Nxb3 g5 59. a4 Rc3 60. Nxd4 1/2-1/2

[Event "USA-chT Amateur East"]
[Site "Parsippany"]
[Date "1999.02.15"]
[Round "5"]
[White "Klein, Erez"]
[Black "Ritter, Mark"]
[Result "1/2-1/2"]
[WhiteElo "2340"]
[BlackElo "2415"]
[PlyCount "120"]
[EventDate "1999.02.??"]
[EventType "team"]
[EventRounds "6"]
[EventCountry "USA"]
[SourceTitle "EXT 2000"]
[Source "ChessBase"]
[SourceDate "1999.11.16"]
[SourceVersion "1"]
[SourceVersionDate "1999.11.16"]
[SourceQuality "1"]

1. Nf3 Nf6 2. c4 d6 3. d4 Nbd7 4. Nc3 e5 5. g3 c6 6. Bg2 Be7 7. 0-0 Qc7 8. b3 0-0 9. Bb2 Re8 10. e4 a5 11. Qd2 Nf8 12. d5 Bd7 13. Rac1 Qb8 14. Ne1 cxd5 15. cxd5 b5 16. Nd3 Bd8 17. h3 Bb6 18. Ne2 h6 19. Kh2 N8h7 20. f4 exf4 21. Qxf4 Qa7 22. Qxd6 Nxe4 23. Bxe4 Rxe4 24. Nef4 Rd8 25. Bxg7 Bxh3 26. Qxh6 Bxf1 27. Rxf1 Bd4 28. Bxd4 Qxd4 29. Rc1 Re3 30. Ne6 Re2+ 31. Kh3 Qh8 32. Qh4 Re8 33. Ndf4 Rd2 34. Qh5 Nf6 35. Qxh8+ Kxh8 36. Nc7 Rc8 37. Rc5 Kh7 38. g4 Ne4 39. Rc6 Rxa2 40. Nh5 Rb2 41. g5 Nxg5+ 42. Kg4 Ne4 43. Kf4 Re2 44. Nxb5 Rd8 45. d6 Kg6 46. Kf3 Re1 47. Nf4+ Kf5 48. Nd4+ Ke5 49. Nd3+ Kxd4 50. Nxe1 Nd2+ 51. Kf4 Nxb3 52. Nc2+ Kd5 53. Rc7 Rxd6 54. Rxf7 Kc5 55. Rc7+ Kb6 56. Rc4 Nc5 57. Ke3 Rd3+ 58. Ke2 Rh3 59. Nd4 Rh4 60. Kd2 Nb3+ 1/2-1/2

[Event "Nassau CC-ch"]
[Site "Long Island"]
[Date "1998.??.??"]
[Round "?"]
[White "Luchan, Jason"]
[Black "Ritter, Mark"]
[Result "0-1"]
[WhiteElo "2120"]
[BlackElo "2415"]
[PlyCount "122"]
[EventDate "1998.??.??"]
[EventType "swiss"]
[EventRounds "10"]
[EventCountry "USA"]
[SourceTitle "EXT 2002"]
[Source "ChessBase"]
[SourceDate "2001.11.25"]
[SourceVersion "1"]
[SourceVersionDate "2001.11.25"]
[SourceQuality "1"]

1. e4 e5 2. Nf3 Nc6 3. Nc3 d6 4. d4 exd4 5. Nxd4 Nf6 6. Bb5 Bd7 7. 0-0 Be7 8. b3 0-0 9. Bb2 Re8 10. Bxc6 bxc6 11. Qf3 c5 12. Nf5 Bf8 13. Qf4 g6 14. Nh6+ Bxh6 15. Qxh6 Ng4 16. Qf4 Qf6 17. Qxf6 Nxf6 18. f3 Bc6 19. Rad1 Nh5 20. Nd5 Bxd5 21. Rxd5 f6 22. Rd2 Kf7 23. g3 Ng7 24. Re1 Re7 25. Kg2 Rae8 26. Rde2 g5 27. Rd2 Ne6 28. Rd5 Nf8 29. Red1 Nd7 30. Rh1 g4 31. Re1 Kg6 32. h4 gxf3+ 33. Kxf3 h5 34. Rf5 Rf7 35. Ke3 Re6 36. Ref1 Rfe7 37. R1f4 Re8 38. c4 R8e7 39. Kd3 Ne5+ 40. Bxe5 dxe5 41. Rf2 Rd7+ 42. Ke3 Red6 43. Re2 Rd3+ 44. Kf2 a5 45. Rf3 R7d4 46. Rfe3 Rd1 47. Re1 R4d2+ 48. R3e2 Rxe2+ 49. Rxe2 Rd3 50. Kg2 Rd4 51. Kf3 Rd3+ 52. Kg2 f5 53. exf5+ Kxf5 54. Kh3 e4 55. Rf2+ Rf3 56. Rd2 e3 57. Rd5+ Ke4 58. Rd1 e2 59. Re1 Ke3 60. Kg2 Rf6 61. Rb1 Rd6 0-1

[Event "Nassau CC-ch"]
[Site "Long Island"]
[Date "1998.??.??"]
[Round "?"]
[White "Salman, Joel"]
[Black "Ritter, Mark"]
[Result "1/2-1/2"]
[WhiteElo "2240"]
[BlackElo "2415"]
[PlyCount "152"]
[EventDate "1998.??.??"]
[EventType "swiss"]
[EventRounds "10"]
[EventCountry "USA"]
[SourceTitle "EXT 2002"]
[Source "ChessBase"]
[SourceDate "2001.11.25"]
[SourceVersion "1"]
[SourceVersionDate "2001.11.25"]
[SourceQuality "1"]

1. c4 Nf6 2. Nc3 e5 3. g3 d6 4. Bg2 c6 5. Nf3 Be6 6. d3 h6 7. c5 Nbd7 8. cxd6 Bxd6 9. b3 Bb4 10. Bd2 Qe7 11. 0-0 0-0 12. Nb1 a5 13. Bc3 Bf5 14. Nh4 Bh7 15. Bb2 Rad8 16. a3 Bc5 17. Qe1 e4 18. d4 Bb6 19. Bh3 Nd5 20. Nc3 f5 21. Nxd5 cxd5 22. f4 Qe6 23. Ng2 Nf6 24. Ne3 Rc8 25. Rc1 g6 26. Qd2 Kg7 27. Rxc8 Rxc8 28. Rc1 Bg8 29. Rxc8 Qxc8 30. Bc3 Qc7 31. a4 Be6 32. Kh1 h5 33. Bg2 h4 34. Kg1 Nh5 35. Nf1 hxg3 36. hxg3 g5 37. e3 Kg6 38. Kf2 Nf6 39. Ke1 Ng4 40. Bh3 Nf6 41. Bg2 g4 42. Kf2 Bd7 43. Nh2 Qd8 44. Bf1 Qh8 45. Kg1 Qd8 46. Qa2 Nh5 47. Kg2 Bc6 48. Qa3 Bc7 49. Qc5 Ng7 50. Qa3 Qd7 51. Qa1 Bd8 52. Qe1 b6 53. Be2 Nh5 54. Nf1 Be7 55. Qd2 Qe8 56. Qe1 Qh8 57. Qf2 Kf7 58. Kg1 Qh6 59. Qe1 Ng7 60. Qf2 Qd6 61. Qe1 Qa3 62. Qb1 Ne8 63. Qb2 Qxb2 64. Bxb2 Bb4 65. Kf2 Nc7 66. Bc1 b5 67. axb5 Bxb5 68. Bd2 Bxd2 69. Nxd2 Ke7 70. Bxb5 Nxb5 71. Nb1 Kd7 72. Ke2 Kc6 73. Kd2 Nc7 74. Nc3 Ne6 75. Ke2 Nc7 76. Kd2 Ne6 1/2-1/2

[Event "Nassau CC-ch"]
[Site "Long Island"]
[Date "1998.??.??"]
[Round "?"]
[White "Stripunsky, Alexander"]
[Black "Ritter, Mark"]
[Result "1/2-1/2"]
[WhiteElo "2475"]
[BlackElo "2415"]
[PlyCount "78"]
[EventDate "1998.??.??"]
[EventType "swiss"]
[EventRounds "10"]
[EventCountry "USA"]
[SourceTitle "EXT 2002"]
[Source "ChessBase"]
[SourceDate "2001.11.25"]
[SourceVersion "1"]
[SourceVersionDate "2001.11.25"]
[SourceQuality "1"]

1. e4 e5 2. Nc3 Nf6 3. g3 d6 4. Bg2 Be7 5. Nge2 c6 6. d4 Nbd7 7. a4 a5 8. 0-0 0-0 9. h3 Re8 10. b3 Qc7 11. Bb2 Nf8 12. Kh2 h5 13. f4 h4 14. g4 exf4 15. Nxf4 Ne6 16. Nxe6 Bxe6 17. d5 Bd7 18. Qd4 c5 19. Qf2 Rf8 20. Kh1 Nh7 21. Ne2 Rae8 22. c4 Qd8 23. Ng1 Bf6 24. Bxf6 Nxf6 25. Rae1 Re5 26. Re3 Bxg4 27. Qxh4 Bh5 28. Nf3 Bxf3 29. Bxf3 Nh7 30. Qxd8 Rxd8 31. Bg2 Rde8 32. h4 Nf6 33. Rf4 Nh5 34. Rg4 g6 35. Kg1 Kg7 36. Kf2 Nf6 37. Rf4 Nh5 38. Rg4 Nf6 39. Rf4 Nh5 1/2-1/2

[Event "Nassau CC-ch"]
[Site "Long Island"]
[Date "1997.??.??"]
[Round "?"]
[White "Ritter, Mark"]
[Black "Bonin, Jay R"]
[Result "1/2-1/2"]
[WhiteElo "2415"]
[BlackElo "2370"]
[PlyCount "29"]
[EventDate "1997.??.??"]
[EventType "swiss"]
[EventRounds "10"]
[EventCountry "USA"]
[SourceTitle "EXT 2002"]
[Source "ChessBase"]
[SourceDate "2001.11.25"]
[SourceVersion "1"]
[SourceVersionDate "2001.11.25"]
[SourceQuality "1"]

1. d4 Nf6 2. Nf3 d6 3. Bf4 g6 4. e3 Nh5 5. Bg5 h6 6. Bh4 g5 7. Nfd2 Ng7 8. Bg3 Nf5 9. Bd3 Nxg3 10. hxg3 Bg7 11. c3 Nd7 12. Na3 c5 13. Nc2 a6 14. a4 b6 15. Qe2 1/2-1/2

[Event "Nassau CC-ch"]
[Site "Long Island"]
[Date "1996.??.??"]
[Round "?"]
[White "Bonin, Jay R"]
[Black "Ritter, Mark"]
[Result "1/2-1/2"]
[WhiteElo "2325"]
[BlackElo "2405"]
[PlyCount "32"]
[EventDate "1996.??.??"]
[EventType "swiss"]
[EventRounds "9"]
[EventCountry "USA"]
[SourceTitle "EXT 2002"]
[Source "ChessBase"]
[SourceDate "2001.11.25"]
[SourceVersion "1"]
[SourceVersionDate "2001.11.25"]
[SourceQuality "1"]

1. d4 Nf6 2. c4 d6 3. Nc3 Nbd7 4. Nf3 e5 5. Bg5 Be7 6. e3 c6 7. Be2 0-0 8. 0-0 Ne8 9. Bxe7 Qxe7 10. b4 Ndf6 11. b5 exd4 12. Nxd4 c5 13. Nb3 Be6 14. e4 Nd7 15. f4 Nb6 16. Nd2 Qf6 1/2-1/2

[Event "Nassau Masters 6th"]
[Site "Long Island"]
[Date "1996.??.??"]
[Round "3"]
[White "Ritter, Mark"]
[Black "Goregliad, Sergei"]
[Result "1-0"]
[WhiteElo "2405"]
[BlackElo "2285"]
[PlyCount "99"]
[EventDate "1996.??.??"]
[EventType "tourn"]
[EventRounds "12"]
[EventCountry "USA"]
[EventCategory "3"]
[SourceTitle "EXT 2002"]
[Source "ChessBase"]
[SourceDate "2001.11.25"]
[SourceVersion "1"]
[SourceVersionDate "2001.11.25"]
[SourceQuality "1"]

1. e4 c5 2. Nc3 e6 3. Nge2 a6 4. g3 b5 5. Bg2 Bb7 6. Nf4 b4 7. Nce2 Nf6 8. d3 e5 9. Nd5 Nxd5 10. exd5 d6 11. f4 Nd7 12. fxe5 dxe5 13. c4 Bd6 14. 0-0 0-0 15. g4 e4 16. dxe4 Ne5 17. Ng3 Bc8 18. Nf5 Bxf5 19. exf5 Qh4 20. Bf4 Rad8 21. Qe1 Qxe1 22. Raxe1 Nxc4 23. b3 Bxf4 24. Rxf4 Nb6 25. Rd1 Rd6 26. Rf2 c4 27. bxc4 Nxc4 28. Rd4 Ne3 29. Bf3 h5 30. h3 hxg4 31. hxg4 Rc8 32. Rxb4 Rc1+ 33. Kh2 Rh6+ 34. Kg3 g5 35. fxg6 Rxg6 36. Kf4 Re1 37. Rd4 Rf6+ 38. Kg3 Nf1+ 39. Kh3 Rh6+ 40. Kg2 Ne3+ 41. Kg3 Rg6 42. Bg2 f5 43. d6 Nxg4 44. d7 Ne5+ 45. Kh2 Rh6+ 46. Bh3 Nxd7 47. Rxd7 Re3 48. Rg2+ Kf8 49. Rg3 Re2+ 50. Kg1 1-0

[Event "Nassau CC-ch"]
[Site "Long Island"]
[Date "1996.??.??"]
[Round "?"]
[White "Shapiro, Daniel E"]
[Black "Ritter, Mark"]
[Result "1/2-1/2"]
[WhiteElo "2275"]
[BlackElo "2405"]
[PlyCount "32"]
[EventDate "1996.??.??"]
[EventType "swiss"]
[EventRounds "9"]
[EventCountry "USA"]
[SourceTitle "EXT 2002"]
[Source "ChessBase"]
[SourceDate "2001.11.25"]
[SourceVersion "1"]
[SourceVersionDate "2001.11.25"]
[SourceQuality "1"]

1. d4 Nf6 2. c4 d6 3. Nc3 Nbd7 4. e4 e5 5. Nf3 c6 6. Be2 Be7 7. 0-0 Qc7 8. Qc2 0-0 9. Rd1 Re8 10. b4 a5 11. b5 exd4 12. Nxd4 Nc5 13. Rb1 Bf8 14. f3 Nfd7 15. Be3 g6 16. Qd2 Ne5 1/2-1/2

[Event "Nassau CC-ch"]
[Site "Long Island"]
[Date "1995.??.??"]
[Round "?"]
[White "Benjamin, Joel"]
[Black "Ritter, Mark"]
[Result "1-0"]
[WhiteElo "2570"]
[BlackElo "2400"]
[PlyCount "47"]
[EventDate "1995.??.??"]
[EventType "swiss"]
[EventRounds "10"]
[EventCountry "USA"]
[SourceTitle "EXT 2002"]
[Source "ChessBase"]
[SourceDate "2001.11.25"]
[SourceVersion "1"]
[SourceVersionDate "2001.11.25"]
[SourceQuality "1"]

1. d4 Nf6 2. c4 d6 3. Nc3 Nbd7 4. e4 e5 5. Nge2 Be7 6. Ng3 0-0 7. Be2 Re8 8. Be3 Nf8 9. 0-0 c6 10. f4 Ne6 11. fxe5 dxe5 12. d5 Nf4 13. Kh1 cxd5 14. exd5 Nxe2 15. Qxe2 b6 16. h3 Rf8 17. Nf5 Ne8 18. Nxe7+ Qxe7 19. c5 bxc5 20. Rad1 Bb7 21. Qb5 Nd6 22. Bxc5 Rfb8 23. Qb4 Qg5 24. Bxd6 1-0